Area and power : a theory of local government
Saved in:
| Main Author: | |
|---|---|
| Format: | Book |
| Published: |
Glencoe :
Free Press,
c1959
|
| Subjects: | |
| Tags: |
Add Tag
No Tags, Be the first to tag this record!
|
MARC
| LEADER | 00000cam a2200000u 4500 | ||
|---|---|---|---|
| 020 | |a NA | ||
| 040 | |a MUL |b eng. |e AACR | ||
| 082 | |a 352 MAA | ||
| 100 | 1 | |a Maass, Arthur | |
| 245 | 1 | 0 | |a Area and power : |b a theory of local government |c / Arthur Maass; edited by Paul Ylvisaker, Robert C. Wood, York Willbern, J. Stefan Dupre, Stanley Hoffmann and Samuel P. Huntington |
| 260 | |a Glencoe : |b Free Press, |c c1959 | ||
| 300 | |a 224 p. |c 21 cm. | ||
| 505 | |a Division of powers: an areal analysis / Arthur Maass Some criteria for a proper areal division of government powers / Paul Ylvisaker A division of powers in metropolitan areas / Robert C. Wood The states as components in an areal division of powers / York Willbern Applied areal analysis: the case of Canada / J. Stefan Dupré The areal division of powers in the writings of French political thinkers / Stanley Hoffmann The founding fathers and the division of powers / Samuel P. Huntington A paper on administrative areas read before the Fabian Society / H.G. Wells | ||
| 650 | 0 | |a Local government. | |
| 650 | 0 | |a Federal government. | |
| 942 | |c BK | ||
| 999 | |c 893 |d 893 | ||